000 00737nam a2200217Ia 4500
003 GCL
008 140319s9999 xx 000 0 ara d
040 _aGCL /
_cGCL
082 0 4 _a604.2
_bع ج
100 1 _aعبدالحكيم عبدالله
245 1 0 _aجرافيكس (رسوم الكمبيوتر)(الرسم على الشاشه بلغة البيسك Basic) /
_cعبدالحكيم عبدالله
260 _a[S.N] :
_bدار الراتب الجامعية ،
_c1987
300 _aمتعدد
490 _a
650 0 4 _aرسم الحاسب الالى
650 0 4 _aرسومات فنية
650 0 4 _aالحاسبات الالكترونية
650 0 4 _aالباسيك
650 0 4 _aالجرافيك
942 _2ddc
_cBK
999 _c36131
_d36131